Odd-toed Ungulate Species- Sudden Death - Statistics

General Stats
  • This quiz has been taken 46 times
  • The average score is 7 of 11
Answers on the Grid
Answers color-coded by a green-red scale on the quiz's grid according to % correct below.
Hippopotamus
Plains Zebra
Onager
Javan Rhinoceros
Dromedary
Domestic Horse
Baird's Tapir
Black Rhinoceros
Muskox
Brazilian Tapir
White Rhinoceros
Pygmy Hippopotamus
Yellow Seahorse
Malayan Tapir
Wild Horse
Grevy's Zebra
 
Answer Stats
Answer % Correct
Javan Rhinoceros
78%
White Rhinoceros
78%
Black Rhinoceros
67%
Domestic Horse
67%
Grevy's Zebra
67%
Plains Zebra
67%
Wild Horse
67%
Baird's Tapir
56%
Brazilian Tapir
56%
Malayan Tapir
56%
Onager
56%
No matching quizzes found
Score Distribution
Percent of People with Each Score
Percentile by Number Answered
Your Score History
You have not taken this quiz